000 01982nam a2200421 c 4500
003 BLK
005 20250709084533.0
008 180413b bul|||||r ||||||| ||bul||
010 _aKNG00020412000
020 _a954-8240-50-5
_bиздат.: Обсидиан
040 _aBLK
041 _aBUL
_cBUL
080 _aМеждународни политически отношения. Световна политика. Международна политика. Дипломация
_b327
_x(73)
_z327(73)
080 _aГеополитика
_b327:911.3
_x(73)
_z327:911.3(73)
080 _aПолитическа география
_b911.3:32
_x(73)
_z911.3:32(73)
100 1 _aБжежински, Збигнев
_eпърви автор
_938914
700 1 _aКоев, Кольо
_eпрев. от англ.
_9242684
139 _aБжежински, Збигнев
_bБ 43
245 1 0 _aГолямата шахматна дъска
_bАмер. превъзходство и неговите геостратег. императиви
_cЗбигнев Бжежински; прев. от англ. Кольо Коев.
257 _aUSA
260 София
_bОбсидиан
_c1997
_fВ. Търново : Абагар
300 _a256 с.
_c20 см
380 _a3
500 _aОриг. загл. The grand chessboard / Zbigniew Brzezinski. - 5 000 тир. - Именен показалец.
650 4 _aВъншна политика - САЩ
_9262767
650 4 _aГеополитика - САЩ
_9262768
650 4 _aМеждународни политически отношения
_9242023
651 4 _aСАЩ
_9179493
653 _aполитика
653 _aгеополитика
653 _aмеждународни отношения
852 _aЦб 195392
856 4 _qpdf
_u
856 4 _qpdf
_u
942 _cKNG
_n0
_04
944 _aCR
_c15.01.2003
_k30560
_lГеновева Генчева
944 _aED
_c13.08.2012
_k
999 _c18361
_d18361